Cambio de época y producción cultural desde Costa Rica / (Record no. 27)
[ view plain ]
| 000 -LEADER | |
|---|---|
| campo de control de longitud fija | 02337nam a2200385 a 4500 |
| 001 - NÚMERO DE CONTROL | |
| campo de control | 1675593 |
| 003 - IDENTIFICADOR DE NÚMERO DE CONTROL | |
| campo de control | OCoLC |
| 005 - FECHA Y HORA DE LA ÚLTIMA TRANSACCIÓN | |
| campo de control | 20220326193246.0 |
| 008 - DATOS DE LONGITUD FIJA--INFORMACIÓN GENERAL | |
| campo de control de longitud fija | 980224s1997 cr a b f100 0 spa |
| 010 ## - NÚMERO DE CONTROL DE LA BIBLIOTECA DEL CONGRESO | |
| Número de control de LC | 98118624 |
| 020 ## - NÚMERO INTERNACIONAL ESTÁNDAR DEL LIBRO | |
| Número Internacional Estándar del Libro | 9968983500 |
| 035 ## - NÚMERO DE CONTROL DEL SISTEMA | |
| Número de control de sistema | (NcChVT)VT60CR117 |
| 040 ## - FUENTE DE CATALOGACIÓN | |
| Centro catalogador/agencia de origen | DLC |
| Centro/agencia transcriptor | DLC |
| 043 ## - CÓDIGO DE ÁREA GEOGRÁFICA | |
| Código de área geográfica | nccr--- |
| 050 00 - SIGNATURA TOPOGRÁFICA DE LA BIBLIOTECA DEL CONGRESO | |
| Número de clasificación | F1543.8 |
| Número de ítem | .C34 1992 |
| 082 ## - NÚMERO DE LA CLASIFICACIÓN DECIMAL DEWEY | |
| Número de clasificación | 306 |
| Número de ítem | C175c |
| 100 ## - ENTRADA PRINCIPAL--NOMBRE DE PERSONA | |
| Nombre de persona | Oyamburu, Jesús y González Miguel Ángel |
| 9 (RLIN) | 178 |
| 245 00 - MENCIÓN DEL TÍTULO | |
| Título | Cambio de época y producción cultural desde Costa Rica / |
| Mención de responsabilidad, etc. | [coordinación de la obra, Jesús Oyamburu, Miguel Angel González]. |
| 260 ## - PUBLICACIÓN, DISTRIBUCIÓN, ETC. | |
| Lugar de publicación, distribución, etc. | [San José, Costa Rica?] : |
| Nombre del editor, distribuidor, etc. | Embajada de España : |
| -- | Centro Cultural Español-ICI : |
| -- | AECI, |
| Fecha de publicación, distribución, etc. | 1997 |
| 300 ## - DESCRIPCIÓN FÍSICA | |
| Extensión | xiii, 261 p. : |
| Otras características físicas | ill. ; |
| Dimensiones | 21 cm. |
| 500 ## - NOTA GENERAL | |
| Nota general | Proceedings of Primer Encuentro Cambio de Epoca y Producción Cultural desde Costa Rica, held Nov.-Dec., 1996. |
| 504 ## - NOTA DE BIBLIOGRAFÍA, ETC. | |
| Nota de bibliografía, etc. | Includes bibliographical references. |
| 505 ## - NOTA DE CONTENIDO CON FORMATO | |
| Título | Presentación |
| -- | I. Cambio de época e identidad cultural |
| -- | II. Políticas públicas hacia la cultura |
| -- | III. Culturas regionales, descentralización y políticas culturales |
| -- | IV. Agentes en el proceso de producción artística |
| -- | V. La cooperación cultural, la promoción y la producción artística en Costa Rica |
| -- | VI. Diagnóstico y propuestas para las artes musicales |
| -- | VII. Diagnóstico y propuestas para las artes plásticas |
| -- | VIII. Diagnóstico y propuestas para las artes audiovisuales |
| -- | IX. Diagnóstico y propuestas para las artes escénicas |
| -- | X. Diagnóstico y propuestas para las artes literarias |
| -- | XI. Anexos |
| 610 ## - PUNTO DE ACCESO ADICIONAL DE MATERIA--NOMBRE DE ENTIDAD CORPORATIVA | |
| Subdivisión general | Identidad Cultural- Costa Rica |
| -- | Política Cultural- Costa Rica |
| -- | Sociología Cultural- Costa Rica |
| -- | Desarrollo Cultural- Costa Rica |
| Subdivisión geográfica | Costa Rica |
| 9 (RLIN) | 179 |
| 650 #0 - PUNTO DE ACCESO ADICIONAL DE MATERIA--TÉRMINO DE MATERIA | |
| Término de materia o nombre geográfico como elemento de entrada | Arts |
| Subdivisión geográfica | Costa Rica |
| Subdivisión general | Congresses. |
| 9 (RLIN) | 180 |
| 651 #0 - PUNTO DE ACCESO ADICIONAL DE MATERIA--NOMBRE GEOGRÁFICO | |
| Nombre geográfico | Costa Rica |
| Subdivisión general | Cultural policy |
| -- | Congresses. |
| 9 (RLIN) | 181 |
| 700 1# - ENTRADA AGREGADA--NOMBRE PERSONAL | |
| Nombre de persona | Oyamburu, Jesús. |
| 9 (RLIN) | 182 |
| 700 1# - ENTRADA AGREGADA--NOMBRE PERSONAL | |
| Nombre de persona | González, Miguel Angel. |
| 9 (RLIN) | 183 |
| 710 1# - ENTRADA AGREGADA--NOMBRE DE ENTIDAD CORPORATIVA | |
| Nombre de entidad corporativa o nombre de jurisdicción como elemento de entrada | Spain. |
| Unidad subordinada | Embajada (Costa Rica) |
| 9 (RLIN) | 184 |
| 710 2# - ENTRADA AGREGADA--NOMBRE DE ENTIDAD CORPORATIVA | |
| Nombre de entidad corporativa o nombre de jurisdicción como elemento de entrada | Centro Cultural Español. |
| 9 (RLIN) | 185 |
| 710 2# - ENTRADA AGREGADA--NOMBRE DE ENTIDAD CORPORATIVA | |
| Nombre de entidad corporativa o nombre de jurisdicción como elemento de entrada | Agencia Española de Cooperación Internacional. |
| 9 (RLIN) | 186 |
| 711 2# - ENTRADA AGREGADA--NOMBRE DE REUNIÓN | |
| Nombre de congreso/reunión o jurisdicción como elemento de entrada | Encuentro Cambio de Epoca y Producción Cultural desde Costa Rica |
| Número del congreso/reunión o número de parte o sección | (1st : |
| Fecha del congreso o de la firma del tratado | 1996) |
| 9 (RLIN) | 187 |
| 906 ## - ELEMENTOS DE DATOS F LOCAL, LDF (RLIN) | |
| a | 7 |
| b | cbc |
| c | orignew |
| d | 2 |
| e | ncip |
| f | 19 |
| g | y-gencatlg |
| Estatus retirado | Estado de pérdida | Fuente del sistema de clasificación o colocación | Estado de daño | No para préstamo | Biblioteca de origen | Biblioteca actual | Ubicación en estantería | Fecha de adquisición | Total de préstamos | Signatura topográfica completa | Código de barras | Visto por última vez | Precio de reemplazo | Tipo de ítem Koha |
|---|---|---|---|---|---|---|---|---|---|---|---|---|---|---|
| Clasificación Decimal Dewey | Biblioteca LadoV | Biblioteca LadoV | 29/03/2014 | 306 C175c | 000068 | 29/03/2014 | 29/03/2014 | Material 01 |
